History Quiz

Random History or War Quiz

Red Army Ranks (Second World War 43-45) Quiz Stats

 Plays Quiz not verified by Sporcle

Support Sporcle.
Go Orange.
Score 0/18 Timer 01:30
0 Plays Today
% Correct
Marshal of the Soviet Union
94.2%
Private
85.1%
Second (Junior) Lieutenant
79.3%
Major
76.9%
General of the Army
76.9%
Sergeant
75.2%
Colonel
75.2%
Sergeant Major
72.7%
Lieutenant Colonel
72.7%
% Correct
Lance (Junior) Sergeant
71.1%
Senior Sergeant
71.1%
Captain
70.2%
Lieutenant-General
70.2%
Senior Lieutenant
68.6%
Lieutenant
67.8%
Corporal
66.1%
Colonel-General
63.6%
Major-General
55.4%

You're not logged in!

Compare scores with friends on all Sporcle quizzes.
OR
Log In

From the Vault

Top 100 Bands (1973)

by Alex951998

You're so vain, you probably think this quiz is about you.
Remove Ads.
Support Sporcle.
Get the best of Sporcle when you Go Orange. This ad-free experience offers more features, more stats, and more fun while also helping to support Sporcle. Thank you for becoming a member.

Show Comments

Extras

Top Quizzes Today


Score Distribution

Your Account Isn't Verified!

In order to create a playlist on Sporcle, you need to verify the email address you used during registration. Go to your Sporcle Settings to finish the process.

Report this User

Report this user for behavior that violates our Community Guidelines.

Details: